00465nam a2200145 450000500170000000800410001702000180005810000410007624500550011725000120017226000770018430000300026194200150029199900130030620260120095532.0260120b |||||||| |||| 00| 0 eng d a9781285072241 aStair Ralph M. and Reynolds George W aPrinciples of Information Systemsc/Ralph M. Stair a11th ed aUnited States of American; bCourse Technology, Cengage Learning;c2014. axxxv, 716p.; ill.c27.5cm 2lccn0cBK c140d140